Exercices et problèmes d'arithmètique a l'usage des écoles primaires : cours éleméntaire : première série

Saved in:
Bibliographic Details
Main Author: Corbaz, André (Author)
Format: Book
Language:French
Published: Genève : Édition Atar [1921]
Edition:Sixième édition
Textbook Catalogue:MANES:  Library Catalog Search Result
Textbook Classification:
Tags: Add Tag
No Tags, Be the first to tag this record!
Added to:2019-06-03
Changed in:2025-05-07

MARC

LEADER 00000nam a22000004i 4500
003 ES-BaCBU
005 20250507130117.0
008 190604s1921 sz a|||| |||||0|| 0 fre|c
040 |a ES-BaCBU  |b cat  |e rda  |c ES-BaCBU  |d ES-BaUB 
100 1 |a Corbaz, André,  |e autor  |9 27872 
245 1 0 |a Exercices et problèmes d'arithmètique a l'usage des écoles primaires :  |b cours éleméntaire : première série /  |c par André Corbaz 
250 |a Sixième édition 
264 1 |a Genève :  |b Édition Atar,  |c [1921] 
300 |a 84 pàgines :  |b il·lustracions ;  |c 18 cm 
336 |a text  |b txt  |2 rdacontent 
337 |a sense mediació  |b n  |2 rdamedia 
338 |a volum  |b nc  |2 rdacarrier 
500 |a A la portada: Ouvrage adopté par le Département de l'Instruction Publique du Canton de Genève 
505 8 |a Conté: Livre de l'élève 
521 |a Per alumnes de 7 a 9 anys 
546 |a España 
561 |5 es-CRAI  |3 p2 R TEXT 4 580   |a España. Biblioteca Universitat de Barcelona  |k MANES 
690 0 |a MATE 
691 0 |a PRI 
856 |y Registro en Cercabib - CRAI 
940 |a CSUC 
942 |2 ddc  |c BK 
999 |c 87439  |d 87439 
999 |c manes:87439  |d 87439